• 首页
  • 本馆介绍
  • 公告通知
  • 最新文献
  • 馆藏检索
  • 电子资源
  • 读者导购
  • 参考咨询
  • 我的图书馆
  • 登录
  • 详细信息显示
  • 放入我的书架
  • 预约/预借图书
  • 作者相关作品
  • 分类相关作品
  • 丛书相关作品
  • 出版社相关作品

书目信息

  • 表格格式
  • 工作单格式
  • 卡片格式
题名:
完美管理者
    
 
作者: 爱迪思 , 伊查克·爱迪思 著 ;张春煜 译
分册:  
出版信息: 北京   华夏出版社  2004
页数: 244页
开本: 24cm
丛书名: 爱迪思管理思想系列
单 册:
中图分类: F292.91
科图分类:
主题词: 企业领导学
电子资源:
ISBN: 7-5080-3316-7
000 01296nam0 2200373 450
000 01261nam0 2200361 450
000 01224nam0 2200349 450
000 01086nam0 2200337 450
000 01049nam0 2200325 450
000 00982oam2 2200301 450
001 0104000022
005 20061013084137.20
010    @a7-5080-3316-7@dCNY25.00
100    @a20051012d2004 em y0chiy0110 ea
101 1  @achi@ceng
102    @aCN@b110000
105    @ay z 001yy
200 1  @a完美管理者@Awan mei guan li zhe@f(美)伊查克·爱迪思(Ichak Adizes)著@F(mei)yi cha ke·ai di si(Ichak Adizes)zhu@g张春煜译
210    @a北京@c华夏出版社@d2004
215    @a244页@d24cm
225 2  @a爱迪思管理思想系列
306    @aIchak Adizes授权出版
330    @a本书对企业领导学进行研究,立足于团队过程展现管理的内涵,且致力于提供诊断和治疗管理不善、协调团队的工具。
461  0 @12001 @a爱迪思管理思想系列
510 1  @aThe Perfect Manager@zeng
606 0  @a企业领导学
690    @aF292.91@v4
701  0 @a爱迪思@9ai di si@4著
701  0 @a伊查克·爱迪思@Ayi cha ke·ai di si@bIchakAdizes@4著
702  0 @a张春煜@9zhang chun yu@4译
801  0 @aCN@b北京荣雅伟业图书经销中心@c20061013
905    @aBZT@dF292.91@e1
906    @dCNY25.00@n0@r1
    
    完美管理者/(美)伊查克·爱迪思(Ichak Adizes)著/张春煜译.-北京:华夏出版社,2004
    244页;24cm.-(爱迪思管理思想系列)
    
    
    ISBN 7-5080-3316-7:CNY25.00
    本书对企业领导学进行研究,立足于团队过程展现管理的内涵,且致力于提供诊断和治疗管理不善、协调团队的工具。
●
相关链接 在五车中查询图书 在当当中查询图书 在豆瓣中查询图书


正题名:完美管理者     索取号:F292.91/1         预约/预借

序号 登录号 条形码 馆藏地/架位号 状态 备注
1 499991   230019455   中心书库北库/ 北库016架A面4列1层29/ [索取号:F292.91/1] 在馆    
2 499992   230019454   中心书库北库/ 北库016架A面4列1层30/ [索取号:F292.91/1] 在馆    
3 499993   230019452   中心书库北库/ 北库016架A面4列1层27/ [索取号:F292.91/1] 在馆    
4 499994   230019451   中心书库北库/ 北库016架A面4列1层28/ [索取号:F292.91/1] 在馆    
5 499995   230019453   中心书库北库/ 北库016架A面4列1层31/ [索取号:F292.91/1] 在馆    
山东省滨州职业学院图书馆 欢迎您!
大连网信软件有限公司© 版权所有